01235 am a2200253 a 450000500170000000800410001702000150005804100080007324501650008125000500024626000590029630000110035550002340036665300350060065300520063565300290068765300560071665300310077270000300080370000370083370000350087070000380090570000380094320240214134027.0100319s2001||||ag ||||f |||| 001 0 spa d a950061782X aspa aRed Book. Enfermedades infecciosas en pediatría.bInforme del Comité de Enfermedades Infecciosas de la American Acaddemy of Pediatrics /cLarry K. Pickering a25a ed.bTraducción Octavio A. Giovanniello aBuenos Aires:bEditorial Médica Panamericana;c2001. a791 p. aPickering, L. K. et al. (2001). Red Book. Enfermedades infecciosas en pediatría. Informe del Comité de enfermedades infecciosas de la American Academy of Pediatrics. (25a ed.). Buenos Aires : Editorial Médica Panamericana.  aInmunización activa y pasiva aCuidado de niños en circunstancias especiales aEnfermedades infecciosas aAgentes antimicrobianos y tratamientos relacionados aProfilaxis antimicrobianas1 aPickering, Larry K.eDir.1 aPeter, Georges, eDir. emérito1 aBaker, Carol J.eDir. asociada1 aGerber, Michael A.eDir. asociado1 aMacdonald, Noni E.eDir. asociada